Ekobilancia - environmentálne orientovaný informačný nástroj

Cesta ku štandardizácii ekobilancie. Definícia, ciele a možnosti využitia ekobilancie. Ekobilancia ako vnútropodnikový environmentálne orientovaný informačný nástroj.

Na minha lista:
Detalhes bibliográficos
Autor principal: Antalová, Renáta
Formato: Capítulo de Livro
Idioma:eslovaco
Assuntos:
Tags: Adicionar Tag
Sem tags, seja o primeiro a adicionar uma tag!

MARC

LEADER 00000naa$a2200000$$$4500
001 0179065
005 20240502073036.0
041 0 |a slo 
044 |a SK 
245 1 0 |a Ekobilancia - environmentálne orientovaný informačný nástroj  |c Renáta Antalová 
520 |a Cesta ku štandardizácii ekobilancie. Definícia, ciele a možnosti využitia ekobilancie. Ekobilancia ako vnútropodnikový environmentálne orientovaný informačný nástroj. 
610 2 0 |a ekológia 
610 2 0 |a ochrana prostredia životného 
610 2 0 |a environmentalistika 
610 2 0 |a produkty 
610 2 0 |a bilancia ekonomická 
610 2 0 |a normy ISO 
100 1 |a Antalová, Renáta